EPIC: the musical lyric quiz - Statistics

General Stats
  • This quiz has been taken 2,223 times
  • The average score is 23 of 40
Answer Stats
Hint Answer % Correct
I said I would choose and soon as I weave this shroud The Challenge
86%
I'm not your man... Love in Paradise
84%
I see past and future running free No Longer You
83%
Hold him down while I slowly break his pride, his trust Hold Them Down
81%
Penelope, why? You know I'm too shy Suffering
81%
I hate that I fell in love with you Not Sorry for Loving You
80%
I lost my best friend, I lost my mentor, my mom Monster
78%
So many heros! So many tales! God Games
76%
I know of a brilliant prophet There Are Other Ways
76%
My son, I'm finally home I Can't Help but Wonder
71%
Give me sirens and a cyclops Legendary
68%
Bestest of friends Warrior of the Mind
68%
Nobody, nobody, nobody Polyphemus
67%
Someone's gotta die today and you have got the final say Thunder Bringer
67%
Waiting waiting waiting for you Would You Fall in Love with Me Again
66%
I'm not dying here, I'm still fighting here Charybdis
65%
No, I just made your thoughts quick Little Wolf
64%
I keep thinking of the infant from that night The Underworld
63%
You're going to call off that storm. Six Hundred Strike
62%
Cause I got in a fight, and I didn't die! We'll Be Fine
61%
You turned them into pigs Done For
59%
We are the ones who feast now Different Beast
57%
Is it nature, or divine? Storm
57%
And if you win, you will get what you're yearning Keep Your Friends Close
56%
What do you live for? What do you try for? The Horse and The Infant
50%
My kingdom is waiting Full Speed Ahead
49%
Who hurts you? Remember Them
49%
Every man I've slain is the price I pay Just a Man
47%
Then you have forced my hand Mutiny
47%
We must do what it takes to survive Scylla
47%
Selfish and prideful and vain My Goodbye
40%
She could turn you into an animal that'll end up on her plate Wouldn't You Like
39%
A Greek who reeks of false righteousness Ruthlessness
37%
Then our journey's over Survive
37%
Keep this bag closed if you wanna get home, sir Dangerous
35%
Have faith, friend, we've come this far Lunk Runs Out
35%
I don't want to hurt you Odysseus
35%
I'll take your son and gouge his eyes Get in the Water
33%
This is the price we pay to love Puppeteer
32%
Tell me, is this how we're supposed to live? Open Arms
28%
No matching quizzes found
Score Distribution
Percent of People with Each Score
Percentile by Number Answered
Your Score History
You have not taken this quiz